Bibliography / (Record no. 122602)

MARC details
000 -LEADER
fixed length control field 00720nam a22002537a 4500
005 - DATE AND TIME OF LATEST TRANSACTION
control field 20170124105913.0
010 ## - LIBRARY OF CONGRESS CONTROL NUMBER
LC control number A-226937
020 ## - INTERNATIONAL STANDARD BOOK NUMBER
Terms of availability 00.00
International Standard Book Number 0706904311
035 ## - SYSTEM CONTROL NUMBER
System control number A-226937
037 ## - SOURCE OF ACQUISITION
Source of stock number/acquisition Cen Lib/Ret
040 ## - CATALOGING SOURCE
Original cataloging agency DPL
Language of cataloging EN
082 ## - DEWEY DECIMAL CLASSIFICATION NUMBER
Classification number 010
Item number GIR
100 ## - MAIN ENTRY--PERSONAL NAME
Personal name Girja Kumar
9 (RLIN) 1102
245 ## - TITLE STATEMENT
Title Bibliography /
Statement of responsibility, etc by Girja Kumar [and] Krishan Kumar
250 ## - EDITION STATEMENT
Edition statement 2nd ed
260 ## - PUBLICATION, DISTRIBUTION, ETC. (IMPRINT)
Place of publication, distribution, etc New Delhi
Name of publisher, distributor, etc Vikas Publishing House
Date of publication, distribution, etc 1979
270 ## - ADDRESS
Address 5 Ansari Road
City New Delhi
Postal code 110002
300 ## - PHYSICAL DESCRIPTION
Extent 297p.
Dimensions 21cm(Hb)
500 ## - GENERAL NOTE
General note Includes index and appendix
650 ## - SUBJECT ADDED ENTRY--TOPICAL TERM
Topical term or geographic name as entry element Library Science
9 (RLIN) 106819
650 ## - SUBJECT ADDED ENTRY--TOPICAL TERM
Topical term or geographic name as entry element Bibliography
9 (RLIN) 1104
700 ## - ADDED ENTRY--PERSONAL NAME
Personal name Krishan Kumar
9 (RLIN) 106820
942 ## - ADDED ENTRY ELEMENTS (KOHA)
Source of classification or shelving scheme Dewey Decimal Classification
Koha item type English Books
Classification part 010
Call number suffix GIR
Holdings
Withdrawn status Lost status Damaged status Not for loan Collection code Home library Current library Date acquired Source of acquisition Cost, normal purchase price Total Checkouts Full call number Barcode Date last seen Copy number Cost, replacement price Price effective from Koha item type
      Not For Loan Reference Central Library Central Library 28/05/2015 Cen Lib/Ret 0.00   010 GIR A-226937 28/05/2015 1 0.00 28/05/2015 English Books
      Not For Loan Reference Central Library Central Library 29/05/2015 Cen Lib/Ret 0.00   010 GIR A-226935 29/05/2015 2 0.00 15/09/2016 English Books
          Central Library Central Library 24/07/2015 Cen Lib/Ret 35.00   010 GIR A-226936 24/07/2015 3 35.00 15/09/2016 English Books

© Delhi Public Library
Hit Counter
free hit counter